[Event "Komercni Banka op"]
[Site "Pardubice"]
[Date "1999.07.16"]
[Round "1"]
[White "Sherbakov, Ruslan"]
[Black "Sabol, Marian"]
[Result "1-0"]
[WhiteElo "2541"]
[BlackElo "2302"]

1.Nf3 Nf6 2.c4 c6 3.d4 d5 4.Nc3 dxc4 5.a4 Bf5 6.Nh4 Bg4 7.f3 Bh5 8.g4 Bg6
9.Ng2 Nd5 10.e4 Nxc3 11.bxc3 e5 12.Bxc4 exd4 13.cxd4 Bb4+ 14.Bd2 Qxd4 15.Bxb4 Qxc4
16.Bd6 Na6 17.Rc1 Qa2 18.O-O O-O-O 19.Rf2 Qe6 20.Rd2 h5 21.Nf4 Qf6 22.Nd5 Qxd6
23.Nb6+ axb6 24.Rxd6 hxg4 25.e5 Nc5 26.a5 Nd3 27.axb6 Rxd6 28.exd6 g3 29.hxg3 Rh1+
30.Kxh1 Nf2+ 31.Kg2 Nxd1 32.Rxd1 Kd7 33.Ra1 Kxd6 34.Ra7 c5 35.Rxb7 Kc6 36.Rb8 Bd3
37.Kf2 Bc4 38.Ke3 Be6 39.Kd3 Bf5+ 40.Ke3 Be6 41.f4 g6 42.Kd3 Kd6 43.Kc2 Kc6
44.Kb2 c4 45.Kc2 Kd6 46.Kd2 Kc6 47.Ke2 Kd6 48.Kf3 Kc6 49.Ke4 Bf5+ 50.Kd4 Be6
51.g4 Kd6 52.f5 gxf5 53.gxf5 Bxf5 54.b7  1-0

[Event "White Rose Int 1st"]
[Site "Wakefield"]
[Date "1999.07.18"]
[Round "2"]
[White "Arkell, Keith C"]
[Black "Krutti, Valer"]
[Result "1-0"]
[WhiteElo "2462"]
[BlackElo "2357"]

1.d4 Nf6 2.Nf3 d5 3.c4 c6 4.Nc3 dxc4 5.a4 Bf5 6.Nh4 Bc8 7.e3 Bg4 8.f3 Be6
9.e4 Na6 10.f4 g6 11.Nf3 Nb4 12.Be3 Bh6 13.Ng5 Bxg5 14.fxg5 Nd7 15.Be2 a5
16.O-O Nb6 17.d5 N6xd5 18.exd5 Bxd5 19.Rf4 e5 20.Rg4 O-O 21.Bxc4 Re8 22.Ne4 Bxe4
23.Rxe4 Nd5 24.Qf3 Qd6 25.Rf1 Re7 26.Qf2 Nxe3 27.Rxe3 Rf8 28.Rf3 Qc7 29.Rf6 e4
30.Qe3 Qe5 31.b3 b5 32.Be2 bxa4 33.bxa4 c5 34.Rd1 h6 35.h4 hxg5 36.Qxg5 Qxg5
37.hxg5 Re5 38.Bc4 Rxg5 39.Rdf1 e3 40.Rxf7 Rxf7 41.Rxf7 Kh8 42.Re7  1-0

[Event "Komercni Banka op"]
[Site "Pardubice"]
[Date "1999.07.20"]
[Round "5"]
[White "Evseev, Denis"]
[Black "Berezjuk, Sergej"]
[Result "1-0"]
[WhiteElo "2539"]
[BlackElo "2354"]

1.d4 d5 2.c4 c6 3.Nf3 Nf6 4.Nc3 dxc4 5.a4 Bf5 6.e3 e6 7.Bxc4 Bb4 8.O-O Nbd7
9.Nh4 O-O 10.h3 Ne4 11.Nxf5 exf5 12.Qf3 Nxc3 13.bxc3 Bxc3 14.Rb1 Nb6 15.Ba2 Qd7
16.Ba3 Rfc8 17.Rfc1 Nd5 18.Bxd5 cxd5 19.Rb5 g6 20.Qxd5 Qxd5 21.Rxd5 b6 22.g4 fxg4
23.hxg4 a6 24.Be7 h6 25.Kg2 Rc6 26.Kf3 Kg7 27.Rd7 Rac8 28.Rb7 Rc4 29.Rxb6 a5
30.Bf6+ Kh7 31.Rb7 Kg8 32.Rh1 R4c6 33.Be5 f6 34.Bg3 h5 35.gxh5 g5 36.h6 Kh8
37.d5 Rc5 38.d6 Rd5 39.Rc7 Rxc7 40.dxc7 Rc5 41.Rd1  1-0

[Event "Komercni Banka op"]
[Site "Pardubice"]
[Date "1999.07.20"]
[Round "5"]
[White "Sherbakov, Ruslan"]
[Black "Shurygin, Sergey"]
[Result "1-0"]
[WhiteElo "2541"]
[BlackElo "2408"]

1.Nf3 d5 2.d4 c6 3.c4 Nf6 4.Nc3 dxc4 5.a4 Bf5 6.Nh4 Bc8 7.e3 e5 8.Bxc4 exd4
9.exd4 Qe7+ 10.Be2 Qc7 11.Nf3 Be7 12.h3 O-O 13.O-O Bf5 14.Bc4 Nbd7 15.Nh4 Be6
16.Bxe6 fxe6 17.Re1 Nd5 18.Nf3 Rf6 19.Nxd5 cxd5 20.Bg5 Rxf3 21.Bxe7 Rf7 22.Rxe6 Nf8
23.Bxf8 Raxf8 24.Rc1 Qa5 25.Re2 Rc7 26.Rxc7 Qxc7 27.Re5 h6 28.g3 Qb6 29.Qd2 Qb3
30.a5 a6 31.Re3 Qa4 32.Kg2 Re8 33.Rd3 Kh7 34.Ra3 Qd7 35.Qc2+ Kg8 36.Rc3 Qb5
37.Qf5 Qe2 38.Qd3 Qe4+ 39.Qxe4 Rxe4 40.Rd3 h5 41.h4 Kh7 42.Kf3 Kg8 43.Rb3 Rxd4
44.Rxb7 Ra4 45.b4 Ra3+ 46.Kf4 d4 47.Ke4 d3 48.Ke3 Rb3 49.Rb6 Kh7 50.Rxa6 Rxb4
51.Kxd3 Ra4 52.Kc3 Ra2 53.Kb3 Ra1 54.Ra7 Kg6 55.Kb4 Ra2 56.Rc7 Rb2+ 57.Ka4 Ra2+
58.Kb5 Rb2+ 59.Ka6 Rxf2 60.Rc5 Rf3 61.Kb6  1-0

[Event "Dutch Open"]
[Site "Dieren"]
[Date "1999.07.24"]
[Round "5"]
[White "Golod, Vitali"]
[Black "De Vreugt, Dennis"]
[Result "0-1"]
[WhiteElo "2568"]
[BlackElo "2398"]

1.d4 d5 2.c4 c6 3.Nf3 Nf6 4.Nc3 dxc4 5.a4 Bf5 6.e3 e6 7.Bxc4 Bb4 8.O-O O-O
9.Nh4 Nbd7 10.f3 Bg6 11.Nxg6 hxg6 12.e4 Qb6 13.Kh1 Rad8 14.Qb3 e5 15.Na2 Ba5
16.Qc2 exd4 17.b4 Bxb4 18.Nxb4 Qxb4 19.Ba3 Qa5 20.Bxf8 Kxf8 21.Rfd1 Ne5 22.Qb3 Qc7
23.Bf1 g5 24.Rac1 c5 25.a5 b6 26.axb6 axb6 27.Rb1 Rb8 28.Qa3 Qd6 29.Qa7 g6
30.Rdc1 Kg7 31.Rxc5 Rh8 32.Rxe5 Qxe5 33.h3 g4 34.Bc4 Rf8 35.Rb5 Qf4 36.Qa1 gxh3
37.Qxd4 Qg3 38.Qd2 Rd8 39.Rg5 hxg2+ 40.Kg1 Qxf3 41.Qxd8 Qe3+ 42.Kxg2 Qxg5+
43.Kf3 Qg4+ 44.Kf2 Qf4+ 45.Kg1 Qe3+ 46.Kh2 Ng4+  0-1

[Event "Dutch Open"]
[Site "Dieren"]
[Date "1999.07.24"]
[Round "5"]
[White "Savchenko, Stanislav"]
[Black "Van Delft, Merijn"]
[Result "1-0"]
[WhiteElo "2583"]
[BlackElo "2323"]

1.d4 d5 2.c4 c6 3.Nf3 Nf6 4.Nc3 dxc4 5.a4 Bf5 6.Nh4 e6 7.Nxf5 exf5 8.e3 Bb4
9.Bxc4 a5 10.O-O O-O 11.f3 Nbd7 12.e4 fxe4 13.fxe4 Bxc3 14.bxc3 Nxe4 15.Ba3 c5
16.Qd3 Nef6 17.Rf5 b6 18.Raf1 Qe7 19.Bc1 Rae8 20.Bb5 Qe4 21.Qg3  1-0

[Event "Dutch Open"]
[Site "Dieren"]
[Date "1999.07.25"]
[Round "6"]
[White "Janssen, Ruud"]
[Black "Savchenko, Stanislav"]
[Result "1/2-1/2"]
[WhiteElo "2448"]
[BlackElo "2583"]

1.Nf3 d5 2.d4 Nf6 3.c4 c6 4.Nc3 dxc4 5.a4 Bf5 6.Nh4 e6 7.Nxf5 exf5 8.e3 Bb4
9.Bxc4 O-O 10.O-O Nbd7 11.f3 Qa5 12.Qc2 c5 13.Bb5 Rad8 14.Qxf5 cxd4 15.exd4 a6
16.Bxd7 Rxd7 17.Qxa5 Bxa5 18.Be3 Bb6 19.Rfd1 Rfd8 20.Kf2 Bxd4 21.Bxd4 Rxd4
22.Ke3 R4d6 23.Rxd6 Rxd6 24.Rd1  1/2-1/2

[Event "Dutch Open"]
[Site "Dieren"]
[Date "1999.07.25"]
[Round "6"]
[White "Gershon, Alik"]
[Black "Willemze, Jeroen"]
[Result "1/2-1/2"]
[WhiteElo "2492"]
[BlackElo "2269"]

1.d4 d5 2.c4 c6 3.Nf3 Nf6 4.Nc3 dxc4 5.a4 Bf5 6.e3 e6 7.Bxc4 Bb4 8.O-O O-O
9.Qe2 Bg6 10.Ne5 Nbd7 11.Nxg6 hxg6 12.Qc2 Qe7 13.a5 c5 14.Rd1 cxd4 15.exd4 Rfc8
16.Qb3 Bxc3 17.bxc3 Ne4 18.Re1 Ndf6 19.f3 Nd6 20.Bf1 Qc7 21.Bf4 Nd5 22.Bg3 Qc6
23.Rec1 Nc4  1/2-1/2

[Event "Dutch Open"]
[Site "Dieren"]
[Date "1999.07.28"]
[Round "9"]
[White "Hopman, Pieter"]
[Black "Bloemhard, Rudy"]
[Result "0-1"]
[WhiteElo "2212"]
[BlackElo "2112"]

1.d4 d5 2.c4 c6 3.Nf3 Nf6 4.Nc3 dxc4 5.a4 Bf5 6.Ne5 Nbd7 7.Nxc4 Qc7 8.g3 e5
9.dxe5 Nxe5 10.Nxe5 Qxe5 11.Qb3 Bc5 12.Qxb7 O-O 13.Bg2 Rab8 14.Qxc6 Rbc8
15.Qb5 a6 16.Qb3 Be6 17.Qb7 Bxf2+ 18.Kxf2 Ng4+ 19.Ke1 Rxc3 20.Qe4 Qc5 21.Bf4 Qf2+
22.Kd2 Rd8+  0-1

[Event "Aceimar op 6th"]
[Site "Mondariz Balneario"]
[Date "1999.08.02"]
[Round "7"]
[White "Pogorelov, Ruslan"]
[Black "Bueno Abalo, Manuel"]
[Result "1-0"]
[WhiteElo "2489"]
[BlackElo "2175"]

1.Nf3 d5 2.d4 Nf6 3.c4 c6 4.Nc3 dxc4 5.a4 Bf5 6.e3 e6 7.Bxc4 Bb4 8.O-O Nbd7
9.Qe2 Ne4 10.Nxe4 Bxe4 11.Nd2 Bg6 12.Nb3 Nb6 13.a5 Nxc4 14.Qxc4 Bd6 15.a6 Be4
16.axb7 Rb8 17.f3 Qh4 18.h3 Bd5 19.Qc2 Qg3 20.f4 g5 21.Na5 gxf4 22.exf4 Rg8
23.Rf2 Kd7 24.Nc4 Rxb7 25.Nxd6 Kxd6 26.f5 Kd7 27.fxe6+ fxe6 28.Ra3 Qh4 29.Qc5 Qe4
30.Rg3 Qe1+ 31.Kh2 Qxf2 32.Rxg8 Qf7 33.Rg3 Kc8 34.b4 Rb5 35.Qd6 Rb7 36.Bf4 Qe8
37.Qe5 Qf7 38.Qd6 Qe8 39.Rg7 e5 40.Bxe5 Rxg7 41.Qb8+ Kd7 42.Qd6+ Kc8 43.Qb8+ Kd7
44.Qc7+ Ke6 45.Qd6+ Kf5 46.Qf6+ Ke4 47.Qf3+  1-0

[Event "BCF-ch 86th"]
[Site "Scarborough"]
[Date "1999.08.02"]
[Round "2"]
[White "Webster, Andrew"]
[Black "Berry, Neil"]
[Result "0-1"]
[WhiteElo "2427"]
[BlackElo "2200"]

1.d4 Nf6 2.Nf3 d5 3.c4 c6 4.Nc3 dxc4 5.a4 Bf5 6.Nh4 e6 7.Nxf5 exf5 8.e3 Bb4
9.Bxc4 O-O 10.O-O Nbd7 11.Na2 Bd6 12.b4 Ne4 13.g3 Qe7 14.Qd3 Qg5 15.Rb1 Qh5
16.f3 Ng5 17.Qd1 Rae8 18.Nc3 Nb6 19.Ba2 Qg6 20.a5 Nd7 21.b5 Ne6 22.bxc6 bxc6
23.Rb7 Nf6 24.Ne2 h5 25.Qc2 h4 26.Qxc6 Bb8 27.Rxb8 Rxb8 28.d5 Nd8 29.Qa6 hxg3
30.hxg3 Nh5 31.Qxg6 fxg6 32.Kf2 Rb5 33.a6 Rf6 34.Nd4 Ra5 35.Bc4 Ra4 36.Bb3 Raxa6
37.Bb2 Rab6 38.Rc1 Rfd6 39.Ba3 Rxb3 40.Bxd6 Rb2+ 41.Ke1 Nf7 42.Rc8+ Kh7 43.Bc7 a5
44.Rf8 a4 45.Ra8 Nf6 46.d6 Ne5 47.Rxa4 Nd3+ 48.Kf1 Nd5 49.Nxf5 gxf5 50.Bb6 Nxb6
51.Rd4 Ne5  0-1

[Event "Scandic Hotels CC"]
[Site "Stockholm"]
[Date "1999.08.02"]
[Round "3"]
[White "Tella, Jussi"]
[Black "Engqvist, Thomas"]
[Result "1-0"]
[WhiteElo "2434"]
[BlackElo "2340"]

1.d4 d5 2.c4 c6 3.Nc3 Nf6 4.Nf3 dxc4 5.a4 Bf5 6.Ne5 Nbd7 7.Nxc4 Qc7 8.g3 e5
9.dxe5 Nxe5 10.Bf4 Nfd7 11.Bg2 f6 12.O-O Nc5 13.e4 Bg6 14.Qe2 Be7 15.Nxe5 fxe5
16.Be3 Bf7 17.f4 O-O 18.fxe5 Nb3 19.Rad1 Qxe5 20.Rf5 Qe6 21.Bh3 Bf6 22.Kg2 Bxc3
23.Rf4 Qe5 24.bxc3 Qxc3 25.Rxf7 Kxf7 26.Rd7+ Kg8 27.Be6+ Kh8 28.Qg4 Rad8
29.Rxb7 Nd2 30.Kh3 Qf6 31.Bf5 Nc4 32.Bg5 Qa1 33.Bxd8 Rxd8 34.Qh5 Qf1+ 35.Kh4 h6
36.Qg6  1-0

[Event "Lost Boys op"]
[Site "Antwerp"]
[Date "1999.08.05"]
[Round "6"]
[White "Zoler, Dan"]
[Black "Savchenko, Stanislav"]
[Result "1/2-1/2"]
[WhiteElo "2529"]
[BlackElo "2583"]

1.d4 d5 2.c4 c6 3.Nf3 Nf6 4.Nc3 dxc4 5.a4 Bf5 6.e3 e6 7.Bxc4 Bb4 8.O-O O-O
9.Ne2 Nbd7 10.Ng3 Bg6 11.Nh4 c5 12.Nxg6 hxg6 13.dxc5 Ne5 14.Qb3 Qa5 15.Be2 Rac8
16.Rd1 Rfd8 17.Rd4 Nc6 18.Rxd8+ Rxd8 19.Qc2 Bxc5 20.Nf1 Qe1 21.Bf3 Be7 22.b3 Nb4
23.Qe2 Qxe2 24.Bxe2 Ne4 25.Ba3 Nc3 26.Bf3 Rd7 27.Bb2 Bf6 28.Bxc3 Bxc3 29.Rc1 Rc7
30.Ng3 b6 31.Ne2 Be5 32.Rxc7 Bxc7 33.Nd4 Nd3 34.Kf1 Nc5 35.Bd1 a5 36.h4 Kf8
37.Ke2 Be5 38.Nf3 Bc3 39.Bc2 Ke7 40.Nd2 Bf6 41.Nc4 Nd7 42.g3 Bc3 43.f4 Bb4
44.g4 Bc5 45.g5 Nb8 46.Be4 Na6 47.Bf3 Nb4 48.Kd2 Ke8 49.Nb2 Ke7 50.Nc4 Ke8
51.h5 gxh5 52.Bxh5 Ke7 53.e4 f6 54.gxf6+ gxf6 55.Bg4 Nc6 56.Nb2 Bd4 57.Nd3 Kd6
58.Ne1 e5 59.fxe5+ Nxe5 60.Be2 Nd7 61.Nd3 Nc5 62.Nxc5 Kxc5 63.Bf1  1/2-1/2

[Event "MK Cafe Cup-A"]
[Site "Koszalin"]
[Date "1999.08.05"]
[Round "3"]
[White "Prokopchuk, Evgeny"]
[Black "Magomedov, Magaram"]
[Result "1/2-1/2"]
[WhiteElo "2470"]
[BlackElo "2604"]

1.d4 d5 2.Nf3 Nf6 3.c4 c6 4.Nc3 dxc4 5.a4 Bf5 6.Nh4 e6 7.Nxf5 exf5 8.e3 Bb4
9.Bxc4 O-O 10.O-O Nbd7 11.Qb3 a5 12.Bd2 g6 13.Rad1 Qc7 14.h3 Nb6 15.Be2 Rfe8
16.Rfe1 Rad8 17.Bf1 h5 18.Nb1  1/2-1/2

[Event "Scandic Hotels CC"]
[Site "Stockholm"]
[Date "1999.08.06"]
[Round "7"]
[White "Ahlander, Bjorn"]
[Black "Engqvist, Thomas"]
[Result "1-0"]
[WhiteElo "2436"]
[BlackElo "2340"]

1.d4 d5 2.c4 c6 3.Nf3 Nf6 4.Nc3 dxc4 5.a4 Bf5 6.Ne5 Nbd7 7.Nxc4 Qc7 8.g3 e5
9.dxe5 Nxe5 10.Bf4 Nfd7 11.Bg2 f6 12.O-O Nc5 13.Ne3 Bg6 14.b4 Ne6 15.a5 a6
16.Qa4 Nxf4 17.gxf4 Nd7 18.Ncd5 cxd5 19.Nxd5 Qd8 20.Rfd1 Rc8 21.Nb6 Rc7 22.Bh3 f5  1-0

[Event "Scandic Hotels CC (Women)"]
[Site "Stockholm"]
[Date "1999.08.08"]
[Round "9"]
[White "Tsiganova, Monika"]
[Black "Rubene, Ilze"]
[Result "0-1"]
[WhiteElo "2229"]
[BlackElo "2187"]

1.d4 d5 2.c4 c6 3.Nc3 Nf6 4.Nf3 dxc4 5.a4 Bf5 6.Ne5 Na6 7.f3 Nd7 8.Nxc4 e5
9.e4 exd4 10.Qxd4 Nb4 11.Ne3 Be6 12.f4 f6 13.Qd1 Nc5 14.Qf3 Nb3 15.Rb1 Bc5
16.Be2 Qd4 17.Ned1 Nxc1 18.Rxc1 O-O-O 19.Nb1 Na2 20.Rc2 Bb6 21.Ndc3 Nxc3
22.Nxc3 Kb8 23.Kf1 Bb3 24.Rc1 Qd2 25.Rb1 Rhe8 26.g3 f5 27.e5 g5 28.fxg5 Bd4
29.h4 Bxe5 30.Rh2 Bc2 31.Re1 Rd3 32.Bxd3 Bxd3+ 33.Ne2 f4 34.g4 Bc7 35.Rf2 Re3
36.Qh1 Ba5  0-1

[Event "Scandic Hotels CC"]
[Site "Stockholm"]
[Date "1999.08.08"]
[Round "9"]
[White "Sjoberg, Mats"]
[Black "Engqvist, Thomas"]
[Result "1-0"]
[WhiteElo "2348"]
[BlackElo "2340"]

1.d4 d5 2.c4 c6 3.Nf3 Nf6 4.Nc3 dxc4 5.a4 Bf5 6.e3 e6 7.Bxc4 Bb4 8.O-O Nbd7
9.Qe2 Bg4 10.h3 Bxf3 11.Qxf3 O-O 12.Qd1 e5 13.Ne2 exd4 14.Qxd4 Bc5 15.Qc3 Qe7
16.Ng3 Ne4 17.Nxe4 Qxe4 18.Bd3 Qe7 19.Qc2 h6 20.a5 a6 21.Qb3 Rab8 22.Bb1 Rfd8
23.Bd2 Nf8 24.Bc3 Rd5 25.Ra4 Bd6 26.Re4 Qd7 27.Rg4 Rg5 28.Rxg5 hxg5 29.f4 Qe6
30.Qxe6 Nxe6 31.f5 Nc7 32.Rd1 Nd5 33.Bd4 Bc7 34.e4 Nf6 35.Bxf6 gxf6 36.Rd7 Bxa5
37.Ba2 Bb6+ 38.Kh2 Kh8 39.Rxf7 Bd4 40.Kg3 Bxb2 41.Kg4  1-0

[Event "CRA-ch"]
[Site "Antiguo"]
[Date "1999.08.10"]
[Round "9"]
[White "Minero Pineda, Sergio"]
[Black "Sieiro Gonzalez, Luis"]
[Result "1/2-1/2"]
[WhiteElo "2382"]
[BlackElo "2402"]

1.d4 d5 2.c4 c6 3.Nf3 Nf6 4.Nc3 dxc4 5.a4 Bf5 6.e3 e6 7.Bxc4 Bb4 8.O-O O-O
9.Qe2 Ne4 10.Bd3 Bxc3 11.bxc3 Nxc3 12.Qc2 Bxd3 13.Qxd3 Nd5 14.Rb1 b5 15.Ba3 Re8
16.Rfc1 a5 17.Ne5 Qc7 18.e4 Nb4 19.Bxb4 axb4 20.Rxb4 c5 21.Qxb5 Nc6 22.Qb6 Qxb6
23.Rxb6 Nxe5 24.dxe5 Rxa4 25.Rc6  1/2-1/2

[Event "MK Cafe Cup-B"]
[Site "Koszalin"]
[Date "1999.08.10"]
[Round "7"]
[White "Mitnitski, Alexey"]
[Black "Zimny, Joanna"]
[Result "0-1"]
[WhiteElo "2215"]
[BlackElo "2021"]

1.d4 d5 2.Nf3 Nf6 3.c4 c6 4.Nc3 dxc4 5.a4 Bf5 6.e3 e6 7.Bxc4 Nbd7 8.O-O Bb4
9.Qe2 O-O 10.e4 Bg6 11.Bd3 Re8 12.e5 Nd5 13.Bxg6 hxg6 14.Ne4 c5 15.Nd6 Rf8
16.Nxb7 Qb6 17.Nxc5 Nxc5 18.dxc5 Bxc5 19.a5 Qb3 20.Qe4 Rab8 21.Bd2 Bb4 22.Bg5 Qxb2
23.Rfb1 Nc3 24.Rxb2 Nxe4 25.Rxb4 Rxb4 26.Be7 Rb2 27.Bxf8 Kxf8 28.Nd4 Nxf2
29.a6 Nd3 30.Nc6 Rb6 31.Nxa7 Nb4 32.Nc8 Rxa6 33.Rxa6 Nxa6 34.h4 Nb4 35.Nb6 Ke7
36.Kf1 Nd3 37.Nc4 f6 38.Ke2 Nxe5 39.Nxe5 fxe5 40.Ke3 Kf7 41.Kd3 Ke7 42.Ke3 e4
43.Kxe4 Kd6 44.Kd4 e5+ 45.Ke4 Ke6 46.Ke3 Kf5 47.Kf3 g5  0-1

[Event "MK Cafe Cup-A"]
[Site "Koszalin"]
[Date "1999.08.10"]
[Round "7"]
[White "Bu Xiangzhi"]
[Black "Haba, Petr"]
[Result "1-0"]
[WhiteElo "2465"]
[BlackElo "2544"]

1.d4 d5 2.c4 c6 3.Nf3 Nf6 4.Nc3 dxc4 5.a4 Bf5 6.Ne5 e6 7.e3 Bb4 8.Bxc4 Nbd7
9.Nxd7 Nxd7 10.O-O Bg6 11.f3 Qb6 12.Kh1 Rd8 13.Bd2 a5 14.Be1 O-O 15.Bh4 Rde8
16.e4 Be7 17.Bf2 Qc7 18.Qe2 Bd6 19.Bg1 Kh8 20.Qc2 Nb6 21.Bd3 e5 22.dxe5 Bxe5
23.Ne2 f6 24.f4 Bd6 25.e5 Bxd3 26.Qxd3 Bb4 27.exf6 Rxf6 28.f5 Bd6 29.Nd4 Nd5
30.Ne6 Qb8 31.Rae1 Be5 32.Qe2 Bd6 33.Qg4 Re7 34.Bd4 Bxh2 35.Bxf6 gxf6 36.Rf3 Be5
37.Re4 Bxb2 38.Rh3 Be5 39.Qh5 Qe8 40.Qh6 Qg8 41.Rhh4 Bd6 42.Reg4 Qf7 43.g3 Rd7
44.Rg7 Qxg7 45.Nxg7 Rxg7 46.Re4 Rxg3 47.Re8+ Rg8 48.Qh5 Nc7 49.Rxg8+ Kxg8
50.Qg4+ Kf8 51.Qh3 b5 52.Qh6+ Kf7 53.Qxh7+ Kf8 54.Qh6+ Kf7 55.Qg6+ Ke7 56.Qg7+ Ke8
57.Qxf6 Kd7 58.Qg7+ Kc8 59.Qg8+ Kd7 60.axb5 cxb5 61.f6 a4 62.f7 b4 63.f8=Q Bxf8
64.Qxf8 Nd5 65.Qc5  1-0

[Event "NED U20 op"]
[Site "Hengelo"]
[Date "1999.08.11"]
[Round "4"]
[White "Johannessen, Leif Erlend"]
[Black "Van Delft, Merijn"]
[Result "1-0"]
[WhiteElo "2356"]
[BlackElo "2323"]

1.d4 d5 2.c4 c6 3.Nf3 Nf6 4.Nc3 dxc4 5.a4 Bf5 6.Ne5 e6 7.f3 Bb4 8.Nxc4 O-O
9.Bg5 h6 10.Bh4 c5 11.dxc5 Qxd1+ 12.Kxd1 Rd8+ 13.Kc1 Nbd7 14.e4 Bh7 15.Be2 Nxc5
16.Kc2 Na6 17.Rhd1 Be7 18.Na5 Nb4+ 19.Kb3 b6 20.Nb7 Rxd1 21.Rxd1 Rb8 22.Nd6 Nc6
23.Bb5 Na5+ 24.Ka2 Kf8 25.b4 Nb7 26.Nxb7 Rxb7 27.Kb3 a5 28.Bc6 Rb8 29.b5 Rd8
30.Bf2 Rxd1 31.Nxd1 Bd8 32.Nb2 Ke7 33.Nc4 Nd7 34.Bxd7 Kxd7 35.Bxb6 Bxb6 36.Nxb6+ Kd6
37.Nc4+ Kc5 38.Nxa5 f5 39.exf5 exf5 40.Kc3 Bg8 41.Nb3+ Kd5 42.a5 Be6 43.a6 Bc8
44.a7 Bb7 45.Na5 Ba8 46.b6  1-0

[Event "CRA-ch"]
[Site "Antiguo"]
[Date "1999.08.12"]
[Round "10"]
[White "Minero, Carlos"]
[Black "Charpentier, William"]
[Result "1/2-1/2"]
[WhiteElo "2182"]
[BlackElo "2250"]

1.Nf3 d5 2.d4 Nf6 3.c4 c6 4.Nc3 dxc4 5.a4 Bf5 6.e3 e6 7.Bxc4 Bb4 8.O-O O-O
9.Qe2 Ne4 10.Nxe4 Bxe4 11.Bd3 Qd5 12.Bxe4 Qxe4 13.Nd2 Qd5 14.Qc4 Bxd2 15.Qxd5 cxd5
16.Bxd2 Rc8 17.Rfc1 Nd7 18.Rxc8+ Rxc8 19.Rc1 Rxc1+ 20.Bxc1 f6 21.Kf1 Kf7
22.Ke2 e5 23.b3 Ke6 24.Ba3 e4 25.Kd2 h5 26.Bb4  1/2-1/2

[Event "NED U20 op"]
[Site "Hengelo"]
[Date "1999.08.13"]
[Round "8"]
[White "Johannessen, Leif Erlend"]
[Black "Ernst, Sipke"]
[Result "1/2-1/2"]
[WhiteElo "2356"]
[BlackElo "2444"]

1.d4 d5 2.c4 c6 3.Nf3 Nf6 4.Nc3 dxc4 5.a4 Bf5 6.Ne5 Nbd7 7.Nxc4 Nb6 8.Ne5 e6
9.f3 a5 10.e4 Bg6 11.Be3 Bb4 12.Be2 Nfd7 13.Nxd7 Nxd7 14.O-O O-O 15.Qb3 Qc7
16.Rac1 Rfe8 17.Kh1 Rad8 18.Rfd1 Qb8 19.g3 f6 20.Na2 Bd6 21.Bc4 Bf7 22.f4 Re7
23.e5 Bc7 24.f5 Rde8 25.Nc3 fxe5 26.Ne4 Nb6 27.f6 Bg6 28.Nc5 gxf6 29.dxe5 Nxc4
30.Qxc4 Bxe5 31.Nd7 Qc7 32.Bb6 Qxd7 33.Rxd7 Rxd7 34.Re1 Rd5 35.b3 Re7 36.Rf1 Red7
37.Kg1 Kf7 38.Re1 R7d6 39.Be3 Rd3 40.b4 Rc3 41.Qh4 Rxe3 42.Rxe3 Bd4 43.Kf2 axb4
44.Ke2 Bxe3 45.Qxb4 Rd3 46.Qxb7+ Kf8 47.Qxc6 Bg1 48.h4 Rd5 49.Kf1 Rd1+ 50.Kg2 Re1
51.Qd6+ Kg7 52.Qc7+ Bf7 53.Qc3 Rb1 54.Qc2 Bg6 55.Qc7+ Kh6 56.Qf4+ Kg7  1/2-1/2

[Event "AZ Sanace Cup"]
[Site "Olomouc"]
[Date "1999.08.13"]
[Round "7"]
[White "Kalod, Radek"]
[Black "Kaufman, Larry C"]
[Result "1-0"]
[WhiteElo "2440"]
[BlackElo "2427"]

1.Nf3 d5 2.d4 Nf6 3.c4 c6 4.Nc3 dxc4 5.a4 Bf5 6.Ne5 Nbd7 7.Nxc4 Qc7 8.g3 e5
9.dxe5 Nxe5 10.Bf4 Nfd7 11.Bg2 f6 12.O-O Nc5 13.e4 Bg6 14.Qe2 Be7 15.Rac1 O-O
16.Rfd1 Rad8 17.b4 Ne6 18.Nxe5 fxe5 19.Nd5 Nxf4 20.gxf4 Qd6 21.fxe5 Qxe5
22.f4 Rxf4 23.Nxf4 Qxf4 24.Rxd8+ Bxd8 25.Rf1 Qc7 26.e5 Qe7 27.b5 cxb5 28.Qxb5 h6
29.Kh1 Bc7 30.Rc1 Kf8 31.Qxb7 Bxe5 32.Rc8+ Be8 33.Qb5 Bf6 34.Qa5 Qd7 35.Qc5+ Be7
36.Qc1 Kf7 37.Ra8 Bf6 38.Qc4+ Kf8 39.Qc1 Kg8 40.Bc6  1-0

[Event "NED U20 op"]
[Site "Hengelo"]
[Date "1999.08.14"]
[Round "9"]
[White "Johannessen, Leif Erlend"]
[Black "Willemze, Jeroen"]
[Result "1-0"]
[WhiteElo "2356"]
[BlackElo "2269"]

1.d4 d5 2.c4 c6 3.Nf3 Nf6 4.Nc3 dxc4 5.a4 Bf5 6.Ne5 e6 7.f3 Bb4 8.Nxc4 O-O
9.Bg5 h6 10.Bh4 c5 11.dxc5 Qxd1+ 12.Kxd1 Rd8+ 13.Kc1 Na6 14.e4 Nxc5 15.Kc2 Bh7
16.Be2 Rac8 17.a5 g5 18.Bf2 Nh5 19.Rhd1 f5 20.Bxc5 Bxc5 21.Kb3 Nf4 22.Bf1 fxe4
23.fxe4 g4 24.g3 Nh3 25.Ne5 Nf2 26.Rxd8+ Rxd8 27.Bc4 Kg7 28.Bxe6 Re8 29.Nd7 Bd4
30.Nb5 Rxe6 31.Nxd4 Rd6 32.Nc5 Nxe4 33.Nxe4 Rxd4 34.Nf2 Rd2 35.Nxg4 h5 36.Ne5 Re2
37.Nd7 Rxh2 38.Rc1 Bg8+ 39.Ka3 Kg6 40.Nc5 Rg2 41.Rc3 Kf5 42.b3 Bd5 43.Nd7 Bc6
44.a6 Rd2 45.axb7 Bxb7 46.Nc5 Ba8 47.Nd3 Ke4 48.Nf4 Rh2 49.Rc8 Bb7 50.Rc7 Ba6
51.Rxa7 Bf1 52.Rh7 Kf3 53.Nxh5 Bd3 54.Rf7+ Kg4 55.Nf4 Bb5 56.Rg7+ Kf3 57.Ne6 Ke4
58.Kb4 Bf1 59.Nc5+ Ke5 60.Re7+ Kf6 61.Re3 Rh1 62.Ne4+ Kg6 63.Kc5 Bg2 64.b4 Rc1+
65.Nc3 Kg5 66.b5 Kg4 67.b6 Bb7 68.Kd6 Rh1 69.Re7 Bg2 70.Rg7+ Kf5 71.Nd5 Rd1
72.g4+ Ke4 73.Re7+ Kd4 74.Ne3 Rb1 75.Nxg2 Rxb6+ 76.Kc7 Rb3 77.Ne3  1-0

[Event "Baunatal op 5th"]
[Site "Baunatal"]
[Date "1999.08.15"]
[Round "7"]
[White "Pichl, Uwe"]
[Black "Dorsch, Andre"]
[Result "1-0"]
[WhiteElo "1715"]
[BlackElo "960"]

1.d4 d5 2.Nf3 Nf6 3.c4 c6 4.Nc3 dxc4 5.a4 Bf5 6.e3 e6 7.Bxc4 Bd6 8.O-O O-O
9.Re1 Bb4 10.Qb3 a5 11.Nh4 Be4 12.Bd2 Bd5 13.Rad1 Ng4 14.g3 Qf6 15.Rf1 g5
16.Bxd5 gxh4 17.Bg2 hxg3 18.fxg3 Qh6 19.h3 Nf6 20.e4 Qg6 21.Rf4 Rd8 22.e5 Qxg3
23.exf6 Qd3 24.Rg4+ Kh8 25.Bh6 Qf5 26.Be4 Qh5 27.Bg7+ Kg8 28.Ne2 Bd6 29.Qf3 Nd7
30.Kh1 Ne5 31.dxe5 Qxe5 32.Bxh7+ Kxh7 33.Rh4+ Kg6  1-0

[Event "Polanica Zdroj op"]
[Site "Polanica Zdroj"]
[Date "1999.08.17"]
[Round "1"]
[White "Moiseenko, Alexander"]
[Black "Litwin, Jozef"]
[Result "1-0"]
[WhiteElo "2501"]
[BlackElo "2232"]

1.d4 d5 2.c4 c6 3.Nf3 Nf6 4.Nc3 dxc4 5.a4 Bf5 6.Nh4 Bg6 7.Nxg6 hxg6 8.e4 e6
9.Bxc4 Bb4 10.Qd3 Nbd7 11.O-O Qc7 12.e5 Nb6 13.a5 Nbd5 14.h3 Nd7 15.a6 bxa6
16.Rxa6 Be7 17.Nxd5 cxd5 18.Bb5 O-O 19.Bd2 Nb8 20.Raa1 Qb7 21.Rfc1 a6 22.Ba4 Rc8
23.Rxc8+ Qxc8 24.Rc1 Qd8 25.Qb3 Nd7 26.Qb7 Nf8 27.b3 a5 28.Bc6 Rb8 29.Bxa5 Qxa5
30.Qxb8 Qd2 31.Rf1 Qxd4 32.Be8 g5 33.Bb5 Bc5 34.Qc8 Bb6 35.Qb7 Bc5 36.Qc8 Bb6
37.Rc1 Qxf2+ 38.Kh1 Be3 39.Qxf8+ Kxf8 40.Rc8+  1-0

[Event "FRA-ch qual"]
[Site "Bescanon"]
[Date "1999.08.20"]
[Round "3"]
[White "Derieux, Christian"]
[Black "Kovarcik, Guillaume"]
[Result "1/2-1/2"]
[WhiteElo "2285"]
[BlackElo "2162"]

1.d4 d5 2.c4 c6 3.Nf3 Nf6 4.Nc3 dxc4 5.a4 Bf5 6.Ne5 e6 7.f3 c5 8.e4 cxd4
9.exf5 Bb4 10.Bxc4 dxc3 11.Qxd8+ Kxd8 12.O-O cxb2 13.Bxb2 Ke7 14.fxe6 fxe6
15.Nd3 Rc8 16.Bb3 Nc6 17.Nxb4 Nxb4 18.Ba3 a5 19.Rfe1 Rc6 20.Re5 Nd7 21.Rxa5 Rxa5
22.Bxb4+ Rac5 23.Kf2 b6 24.Bc4 Kf6 25.Bxc5 Nxc5 26.Bb5 Rd6 27.Rc1 Rd4 28.Ra1 Rb4
29.Ra2 Ke5 30.Be8 Kf6  1/2-1/2

[Event "Pyramiden Franken Cup"]
[Site "Fuerth"]
[Date "1999.08.24"]
[Round "4"]
[White "Gofshtein, Leonid D"]
[Black "David, Alberto"]
[Result "1-0"]
[WhiteElo "2507"]
[BlackElo "2544"]

1.d4 d5 2.c4 c6 3.Nf3 Nf6 4.Nc3 dxc4 5.a4 Bf5 6.e3 e6 7.Bxc4 Bb4 8.O-O O-O
9.Qe2 Bg6 10.Ne5 Nbd7 11.Nxg6 hxg6 12.Bb3 Qa5 13.Na2 Bd6 14.Bd2 Qc7 15.g3 e5
16.Rfd1 Rae8 17.dxe5 Nxe5 18.Nc3 g5 19.h3 g4 20.hxg4 Nexg4 21.Kg2 Re5 22.Bc2 Bc5
23.Rh1 Rd8 24.Rad1 Qe7 25.Rh4 Qe6 26.Rdh1 Kf8 27.Rh8+ Ke7 28.Rxd8 Kxd8 29.Nd1 Rh5
30.Rxh5 Nxh5 31.b4 Bd6 32.b5 Nhf6 33.bxc6 bxc6 34.e4 Qe5 35.Qd3 Ke7 36.Ne3 Nxe3+
37.Bxe3 Ng4 38.Bxa7 Bc5 39.Bxc5+ Qxc5 40.Qd2 Ne5 41.Qg5+ Kd6 42.Qxg7 Qxc2
43.Qf6+ Kd7 44.Qxe5 Qxa4 45.Qf5+ Ke7 46.Qc5+ Kf6 47.Kf3 Qd1+ 48.Kf4 Qd2+
49.Qe3 Qb4 50.Qd3 Qc5 51.Qd8+ Kg6 52.Qg8+ Kh6 53.Kf3 Qc4 54.Qf8+ Kg6 55.Qd6+ Kg5
56.Qe5+ Kg6 57.Kg4 f6 58.Qe8+ Kg7 59.f4 Qe2+ 60.Kf5 Qb5+ 61.Kg4 Qe2+ 62.Kh3 Qd3
63.Qe7+ Kg8 64.Qe6+  1-0

[Event "FRA-ch qual"]
[Site "Bescanon"]
[Date "1999.08.26"]
[Round "9"]
[White "Nezar, Mustapha"]
[Black "Lamorelle, Julien"]
[Result "1/2-1/2"]
[WhiteElo "2296"]
[BlackElo "2156"]

1.d4 d5 2.Nf3 Nf6 3.c4 c6 4.Nc3 dxc4 5.a4 Bf5 6.Ne5 e6 7.f3 Bb4 8.e4 Bxe4
9.fxe4 Nxe4 10.Bd2 Qxd4 11.Nxe4 Qxe4+ 12.Qe2 Bxd2+ 13.Kxd2 Qd5+ 14.Kc3 O-O
15.Qe3 b5 16.Be2 Nd7 17.Nxd7 Qxd7 18.Bf3 a6 19.Rad1 Qc7 20.Qc5 Qa5+ 21.Kc2 Qxa4+
22.Kb1 Rad8 23.Rxd8 Rxd8 24.Qe7 Rf8 25.Rd1 h6 26.Rd7 c3 27.Qa3 Qxa3 28.bxa3 b4
29.a4 c5 30.a5 Rb8 31.Bh5 Rb5 32.Bxf7+ Kh7 33.Bxe6 Kg6 34.Bf7+ Kf6 35.Bb3 Rxa5
36.Rf7+ Kg6 37.Rc7 Kf6 38.Rf7+ Kg6 39.Rc7 Ra3 40.Kc2 a5 41.Rxc5 Ra1 42.Rb5 Rf1
43.Bd5 Rf2+ 44.Kc1 Rf1+  1/2-1/2

[Event "ISL-ch"]
[Site "Reykjavik"]
[Date "1999.09.07"]
[Round "7"]
[White "Einarsson, Bergsteinn"]
[Black "Thorfinnsson, Bragi"]
[Result "1/2-1/2"]
[WhiteElo "2241"]
[BlackElo "2260"]

1.d4 d5 2.c4 c6 3.Nc3 Nf6 4.Nf3 dxc4 5.a4 Bf5 6.e3 e6 7.Bxc4 Nbd7 8.O-O Be7
9.h3 O-O 10.Nh4 Be4 11.Nxe4 Nxe4 12.Nf3  1/2-1/2